000 01099cam a22003137a 4500
003 CHAP
005 20220329141817.0
008 971013s1982 r 00010 d
010 _a74219
011 _a75191
035 _a84751
040 _cCHAP
090 _aTesis
100 0 0 _aGarzón Tiznado, José Antonio.
_947196
245 0 _aEnfermedad de la "planta atigrada" del chile (Capsicum annuum) en la región de Valsequillo, Pue.
260 _aChapingo, Méx. :
_bEl autor,
_c1982
300 _a60 h.
_b: ilus.
502 _aTesis (M.C. Esp. en Fitopatología) -- CP. Colegio de Postgraduados. Centro de Fitopatología
590 _aALEPH
_b10
_c20130110
_lUCH01
_h1418
590 _aBATCH-UPD
_b10
_c20130110
_lUCH01
_h1654
590 _aBATCH-UPD
_b10
_c20130410
_lUCH01
_h1043
590 _aBATCH-UPD
_b10
_c20130914
_lUCH01
_h0923
590 _aCONVERSION
_b10
_c20130109
_lUCH01
_h1341
650 1 4 _aChile (Botánica)
_xEnfermedades por virus.
_922356
901 _aBK
942 _cFOLL
949 _bBC
_cTES
_d-40256
_eTS1
_i84751
_si
949 _bBC
_cTES
_d33724002054470
_eTS2
_fc.2
_i84751
_si
999 _c74219
_d74219